000 00395nam a2200145 i 4500
001 bg
100 1 _aSKRZYPEK, Jacek
245 0 _aTeoria plastyczności i pełzania.
_nCz. 2,
_pWprowadzenie teoretyczne, przykłady, zadania /
_cJacek Skrzypek.
250 _aWyd. 2.
260 _aKraków,
_c1980.
040 _cBPK
041 _apol
942 _cKS
008 s pl f |000 0 pol
999 _c19597
_d19597
856 _uhttp://koha.tu.koszalin.pl/cgi-bin/koha/opac-detail.pl?biblionumber=19597
_yKatalog online BPK